[Event "Trondheim op-A"]
[Site "Trondheim"]
[Date "2021.05.10"]
[Round "1"]
[White "Stefansson, Atli Rafn"]
[Black "Ostgaard, Pal Inge"]
[Result "1/2-1/2"]
[WhiteElo "1676"]
[BlackElo "1665"]
[PlyCount "59"]
[EventDate "2021.05.10"]
[EventType "tourn"]
[EventRounds "7"]
[EventCountry "NOR"]
[SourceTitle "EXT 2024"]
[Source "ChessBase"]
[SourceDate "2023.10.10"]
[SourceVersion "1"]
[SourceVersionDate "2023.10.10"]
[SourceQuality "1"]

1. e4 c5 2. b4 cxb4 3. a3 Nc6 4. axb4 Nf6 5. b5 Nd4 6. c3 Ne6 7. e5 Nd5 8. d4 d6 9. Nf3 g6 10. Bc4 Nb6 11. Bb3 d5 12. 0-0 Bg7 13. Be3 0-0 14. Qd2 Bd7 15. Na3 a6 16. bxa6 Rxa6 17. Nc2 Bb5 18. Rfb1 Rxa1 19. Rxa1 Nc4 20. Bxc4 Bxc4 21. Bh6 Qc7 22. Bxg7 Kxg7 23. h4 Qd7 24. Ne3 Ba6 25. Qa2 Rd8 26. Rc1 h5 27. Ng5 Nxg5 28. hxg5 Qe6 29. Qa5 Qd7 30. Qa2 1/2-1/2